Statistics for Biggest Cities in the U.K

Click here to take the quiz!

General Stats

  • This quiz has been taken 37 times
    (10 since last reset)
  • The average score is 132 of 500

Answer Stats

PopulationCountyCountryAnswer% Correct
1,153,717West MidlandsEnglandBirmingham
100%
571,922BristolEnglandBristol
100%
488,050EdinburghScotlandEdinburgh
100%
612,040GlasgowScotlandGlasgow
100%
503,388West YorkshireEnglandLeeds
100%
470,965LeicestershireEnglandLeicester
100%
579,256MerseysideEnglandLiverpool
100%
8,907,918Greater LondonEnglandLondon
100%
554,400Greater ManchesterEnglandManchester
100%
78,919StaffordshireEnglandNewcastle-under-Lyme
100%
281,842Tyne and WearEnglandNewcastle-upon-Tyne
100%
311,823NottinghamshireEnglandNottingham
100%
544,402South YorkshireEnglandSheffield
100%
161,994North YorkshireEnglandYork
100%
200,680AberdeenScotlandAberdeen
90%
101,106SomersetEnglandBath
90%
328,937County Down/AntrimNorthern IrelandBelfast
90%
198,727DorsetEnglandBournemouth
90%
361,046West YorkshireEnglandBradford
90%
241,999East SussexEnglandBrighton and Hove
90%
149,023CambridgeshireEnglandCambridge
90%
62,767KentEnglandCanterbury
90%
350,558South GlamorganWalesCardiff
90%
87,593CheshireEnglandChester
90%
263,933DerbyshireEnglandDerby
90%
83,125County LondonderryNorthern IrelandDerry/Londonderry
90%
148,280DundeeScotlandDundee
90%
146,667GloucestershireEnglandGloucester
90%
47,290HighlandScotlandInverness
90%
195,761NorfolkEnglandNorwich
90%
163,967OxfordshireEnglandOxford
90%
241,179DevonEnglandPlymouth
90%
248,479HampshireEnglandPortsmouth
90%
277,051StaffordshireEnglandStoke-on-Trent
90%
184,436West GlamorganEnglandSwansea
90%
218,255West MidlandsEnglandWolverhampton
90%
103,769WorcestershireEnglandWorcester
90%
145,722LancashireEnglandBlackpool
80%
116,997EssexEnglandChelmsford
80%
134,176EssexEnglandColchester
80%
369,127West MidlandsEnglandCoventry
80%
114,900South YorkshireEnglandDoncaster
80%
44,430KentEnglandDover
80%
123,379DevonEnglandExeter
80%
150,334SuffolkEnglandIpswich
80%
288,671East Riding of YorkshireEnglandKingston-upon-Hull
80%
50,849LancashireEnglandLancaster
80%
105,447LincolnshireEnglandLincoln
80%
184,105BuckinghamshireEnglandMilton Keynes
80%
229,815NorthamptonshireEnglandNorthampton
80%
47,430Perth and KinrossScotlandPerth
80%
175,680CambridgeshireEnglandPeterborough
80%
99,198LancashireEnglandPreston
80%
229,274BerkshireEnglandReading
80%
46,309WiltshireEnglandSalisbury
80%
269,231HampshireEnglandSouthampton
80%
175,031Tyne and WearEnglandSunderland
80%
61,548ClwydWalesWrexham
80%
84,890BuckinghamshireEnglandAylesbury
70%
202,369Greater ManchesterEnglandBolton
70%
92,988County DurhamEnglandDarlington
70%
28,860HertfordshireEnglandHertford
70%
222,907BedfordshireEnglandLuton
70%
176,991North YorkshireEnglandMiddlesbrough
70%
133,353GwentWalesNewport
70%
25,773Isle of WightEnglandNewport
70%
116,361Greater ManchesterEnglandSalford
70%
183,809EssexEnglandSouthend-on-Sea
70%
70,447StaffordshireEnglandStafford
70%
86,961HertfordshireEnglandSt Albans
70%
22,092CornwallEnglandTruro
70%
36,336LancashireEnglandAccrington
60%
82,149LancashireEnglandBurnley
60%
79,647Greater ManchesterEnglandBury
60%
41,940SuffolkEnglandBury St Edmunds
60%
74,915CumbriaEnglandCarlisle
60%
117,843GloucestershireEnglandCheltenham
60%
51,837County DurhamEnglandDurham
60%
88,500LincolnshireEnglandGrimsby
60%
89,610County DurhamEnglandHartlepool
60%
93,592East SussexEnglandHastings
60%
63,689HerefordshireEnglandHereford
60%
170,269West YorkshireEnglandHuddersfield
60%
158,762DorsetEnglandPoole
60%
110,751South YorkshireEnglandRotherham
60%
61,525North YorkshireEnglandScarborough
60%
191,314WiltshireEnglandSwindon
60%
149,377ShropshireEnglandTelford
60%
50,645DevonEnglandTorquay
60%
104,757West YorkshireEnglandWakefield
60%
46,780South AyrshireScotlandAyr
50%
96,878South YorkshireEnglandBarnsley
50%
92,405BedfordshireEnglandBedford
50%
144,756MerseysideEnglandBirkenhead
50%
89,181DerbyshireEnglandChesterfield
50%
113,646East SussexEnglandEastbourne
50%
122,088Tyne and WearEnglandGateshead
50%
108,880KentEnglandGillingham
50%
91,338West YorkshireEnglandHalifax
50%
74,426North YorkshireEnglandHarrogate
50%
45,410County Antrim/DownNorthern IrelandLisburn
50%
117,626KentEnglandMaidstone
50%
33,491LancashireEnglandMorecambe
50%
111,733Greater ManchesterEnglandRochdale
50%
75,128WarwickshireEnglandRugby
50%
82,472LincolnshireEnglandScunthorpe
50%
73,838ShropshireEnglandShrewsbury
50%
164,046BerkshireEnglandSlough
50%
127,289West MidlandsEnglandSolihull
50%
93,944HertfordshireEnglandStevenage
50%
37,610StirlingScotlandStirling
50%
29,565WarwickshireEnglandStratford-upon-Avon
50%
32,718WarwickshireEnglandWarwick
50%
140,902HertfordshireEnglandWatford
50%
106,686Greater ManchesterEnglandWigan
50%
48,530HampshireEnglandWinchester
50%
48,303SomersetEnglandYeovil
50%
58,562HampshireEnglandAldershot
40%
61,401County DownNorthern IrelandBangor
40%
44,407CumbriaEnglandBarrow-in-Furness
40%
75,931StaffordshireEnglandBurton-upon-Trent
40%
31,831West SussexEnglandChichester
40%
60,576NorthamptonshireEnglandCorby
40%
111,856West SussexEnglandCrawley
40%
73,578CheshireEnglandCrewe
40%
83,608West MidlandsEnglandDudley
40%
53,100FifeScotlandDunfermline
40%
41,233HampshireEnglandFleet
40%
25,659LancashireEnglandFleetwood
40%
44,520LincolnshireEnglandGrantham
40%
85,208SurreyEnglandGuildford
40%
33,816StaffordshireEnglandLichfield
40%
65,635LeicestershireEnglandLoughborough
40%
56,654CheshireEnglandMacclesfield
40%
81,816NottinghamshireEnglandMansfield
40%
64,757KentEnglandMargate
40%
89,001WarwickshireEnglandNuneaton
40%
98,809EssexEnglandRayleigh
40%
93,426MerseysideEnglandSouthport
40%
110,000Greater ManchesterEnglandStockport
40%
64,246West MidlandsEnglandStourbridge
40%
48,137NottinghamshireEnglandSutton-in-Ashfield
40%
62,479SomersetEnglandTaunton
40%
71,655West MidlandsEnglandWalsall
40%
172,068CheshireEnglandWarrington
40%
77,997West MidlandsEnglandWest Bromwich
40%
107,611SurreyEnglandWoking
40%
55,531Greater ManchesterEnglandAltrincham
30%
56,892South GalmorganWalesBarry
30%
115,269EssexEnglandBasildon
30%
114,329HampshireEnglandBasingstoke
30%
82,873West YorkshireEnglandBatley
30%
119,707LancashireEnglandBlackburn
30%
44,914LincolnshireEnglandBoston
30%
83,491BerkshireEnglandBracknell
30%
35,919WiltshireEnglandChippenham
30%
53,398EssexEnglandClacton-on-Sea
30%
36,166LeicestershireEnglandCoalville
30%
34,791SurreyEnglandEpsom
30%
35,438DevonEnglandExmouth
30%
66,402HampshireEnglandFarnborough
30%
52,954KentEnglandFolkestone
30%
22,101East Riding of YorkshireEnglandGoole
30%
40,883NorfolkEnglandGreat Yarmouth
30%
86,321EssexEnglandHarlow
30%
101,849HertfordshireEnglandHemel Hempstead
30%
124,073BuckinghamshireEnglandHigh Wycombe
30%
50,399West SussexEnglandHorsham
30%
46,770East AyrshireScotlandKilmarnock
30%
73,315SuffolkEnglandLowestoft
30%
39,370NottinghamshireEnglandNewark-on-Trent
30%
26,893County Armagh/DownNorthern IrelandNewry
30%
105,402Greater ManchesterEnglandOldham
30%
77,220RenfrewshireScotlandPaisley
30%
42,632KentEnglandRamsgate
30%
23,247NottinghamshireEnglandRetford
30%
60,570KentEnglandRoyal Tunbridge Wells
30%
61,723CheshireEnglandRuncorn
30%
25,221LincolnshireEnglandSkegness
30%
76,498Tyne and WearEnglandSouth Shields
30%
104,641MerseysideEnglandSt Helens
30%
34,173GloucestershireEnglandStroud
30%
87,983SomersetEnglandWeston-super-mare
30%
55,174DorsetEnglandWeymouth
30%
114,212West SussexEnglandWorthing
30%
37,410North LanarkshireScotlandAirdrie
20%
24,485BuckinghamshireEnglandAmersham
20%
46,224HampshireEnglandAndover
20%
23,353County AntrimNorthern IrelandAntrim
20%
23,940AngusScotlandArbroath
20%
28,676SurreyEnglandAshford
20%
73,753KentEnglandAshford
20%
47,230OxfordshireEnglandBanbury
20%
34,779County DurhamEnglandBillingham
20%
25,445County DurhamEnglandBishop Auckland
20%
38,794NorthumberlandEnglandBlyth
20%
69,345West SussexEnglandBognor Regis
20%
51,964MerseysideEnglandBootle
20%
43,506EssexEnglandBraintree
20%
48,417Mid GlamorganWalesBridgend
20%
35,085East Riding of YorkshireEnglandBridlington
20%
35,193WorcestershireEnglandBromsgrove
20%
39,541SurreyEnglandCamberley
20%
69,473StaffordshireEnglandCannock
20%
23,013SurreyEnglandCaterham
20%
80,039KentEnglandChatham
20%
23,708BuckinghamshireEnglandChesham
20%
46,992HertfordshireEnglandCheshunt
20%
26,250CheshireEnglandCongleton
20%
49,887MerseysideEnglandCrosby
20%
30,078OxfordshireEnglandDidcot
20%
26,677MannIsle of ManDouglas
20%
33,440Dumfries and GallowayScotlandDumfries
20%
52,732SurreyEnglandEsher
20%
35,850FalkirkScotlandFalkirk
20%
43,480HampshireEnglandFareham
20%
27,056SurreyEnglandFarnham
20%
24,408SuffolkEnglandFelixstowe
20%
23,410SurreyEnglandGodalming
20%
73,996HampshireEnglandGosport
20%
42,680InverclydeScotlandGreenock
20%
54,080South LanarkshireScotlandHamilton
20%
47,376HampshireEnglandHavant
20%
27,747SuffolkEnglandHaverhill
20%
37,683West SussexEnglandHaywards Heath
20%
48,841LeicestershireEnglandHinckley
20%
25,908CambridgeshireEnglandHuntingdon
20%
29,385CumbriaEnglandKendal
20%
59,564NorthamptonshireEnglandKettering
20%
57,697WorcestershireEnglandKidderminster
20%
49,000NorfolkEnglandKing's Lynn
20%
41,814BedfordshireEnglandLeighton Buzzard
20%
44,812DyfedWalesLlanelli
20%
32,590North LanarkshireScotlandMotherwell
20%
50,973West GlamorganWalesNeath
20%
41,883BerkshireEnglandNewbury
20%
21,889CornwallEnglandNewquay
20%
23,822MerseysideEnglandNewton-le-Willows
20%
82,974WorcestershireEnglandRedditch
20%
25,994ClwydWalesRhyl
20%
66,452KentEnglandRochester
20%
137,915Greater ManchesterEnglandSale
20%
32,832CambridgeshireEnglandSt Neots
20%
84,290County DurhamEnglandStockton-on-Tees
20%
108,330West MidlandsEnglandSutton Coldfield
20%
73,716StaffordshireEnglandTamworth
20%
40,968KentEnglandTonbridge
20%
43,362WiltshireEnglandTrowbridge
20%
51,264HertfordshireEnglandWelwyn Garden City
20%
63,365MerseysideEnglandWidnes
20%
32,207BerkshireEnglandWindsor
20%
22,186CumbriaEnglandWorkington
20%
39,494OxfordshireEnglandAbingdon
10%
27,993NorthumberlandEnglandAshington
10%
28,397Greater ManchesterEnglandAshton-in-Makerfield
10%
47,237Greater ManchesterEnglandAshton-under-Lyne
10%
32,161DevonEnglandBarnstaple
10%
30,964East Riding of YorkshireEnglandBeverley
10%
32,789OxfordshireEnglandBicester
10%
24,145GwentWalesBlackwood
10%
39,304BuckinghamshireEnglandBletchley
10%
37,425HertfordshireEnglandBorehamwood
10%
54,885EssexEnglandBrentwood
10%
44,095SomersetEnglandBridgwater
10%
24,543KentEnglandBroadstairs
10%
22,661DerbyshireEnglandBuxton
10%
50,257NottinghamshireEnglandCarlton
10%
42,219West YorkshireEnglandCastleford
10%
25,383Greater ManchesterEnglandCheadle Hulme
10%
56,061DorsetEnglandChristchurch
10%
38,188LincolnshireEnglandCleethorpes
10%
43,960North LanarkshireScotlandCoatbridge
10%
50,920North LanarkshireScotlandCumbernauld
10%
47,133GwentWalesCwmbrân
10%
24,983NorthamptonshireEnglandDaventry
10%
65,935West YorkshireEnglandDewsbury
10%
33,035BedfordshireEnglandDunstable
10%
75,120South LanarkshireScotlandEast Kilbride
10%
82,062HampshireEnglandEastleigh
10%
24,760MorayScotlandElgin
10%
61,383CheshireEnglandEllesmere Port
10%
53,801SurreyEnglandEwell
10%
23,968CornwallEnglandFalmouth
10%
27,372SomersetEnglandFrome
10%
22,841LincolnshireEnglandGainsborough
10%
38,510FifeScotlandGlenrothes
10%
33,240DerbyshireEnglandGlossop
10%
58,036KentEnglandGravesend
10%
73,892EssexEnglandGrays
10%
38,026WorcestershireEnglandGreat Malvern
10%
22,057East SussexEnglandHailsham
10%
59,299West MidlandsEnglandHalesowen
10%
44,821HertfordshireEnglandHatfield
10%
36,202HertfordshireEnglandHitchin
10%
25,253SurreyEnglandHorley
10%
35,199Greater ManchesterEnglandHyde
10%
34,090North AyrshireScotlandIrvine
10%
43,111Tyne and WearEnglandJarrow
10%
43,136MerseysideEnglandKirkby
10%
28,250NottinghamshireEnglandKirkby-in-Ashfield
10%
50,010FifeScotlandKirkcaldy
10%
34,697HertfordshireEnglandLetchworth Garden City
10%
58,357West SussexEnglandLittlehampton
10%
57,030West LothianScotlandLivingston
10%
32,660EssexEnglandLoughton
10%
44,208LancashireEnglandLytham St Annes
10%
67,441BerkshireEnglandMaidenhead
10%
21,810EssexEnglandMaldon
10%
27,408LeicestershireEnglandMelton Mowbray
10%
44,807Mid GlamorganWalesMerthyr Tydfil
10%
29,673West YorkshireEnglandMorley
10%
46,897CheshireEnglandNorthwich
10%
25,488West MidlandsEnglandOldbury
10%
66,878DevonEnglandPaignton
10%
30,221West YorkshireEnglandPontefract
10%
37,900West GlamorganWalesPort Talbot
10%
37,383SurreyEnglandRedhill
10%
25,380HertfordshireEnglandRickmansworth
10%
24,487StaffordshireEnglandRugeley
10%
32,124NorthamptonshireEnglandRushden
10%
24,811Isle of WightEnglandRyde
10%
22,579County DurhamEnglandSeaham
10%
31,402KentEnglandSevenoaks
10%
28,833West YorkshireEnglandShipley
10%
50,719West SussexEnglandShoreham-by-Sea
10%
34,813LancashireEnglandSkelmersdale
10%
35,135LincolnshireEnglandSpalding
10%
26,889SurreyEnglandStaines-upon-Thames
10%
27,000Greater ManchesterEnglandStalybridge
10%
29,064EssexEnglandStanford-le-Hope
10%
25,663CornwallEnglandSt Austell
10%
23,456SuffolkEnglandSudbury
10%
27,269NorfolkEnglandThetford
10%
25,876County DurhamEnglandThornaby-on-Tees
10%
44,766West MidlandsEnglandTipton
10%
61,043MerseysideEnglandWallasey
10%
44,791Tyne and WearEnglandWallsend
10%
68,645SurreyEnglandWalton-on-Thames
10%
25,422West MidlandsEnglandWednesfield
10%
52,441NorthamptonshireEnglandWellingborough
10%
47,670NottinghamshireEnglandWest Bridgford
10%
30,145SurreyEnglandWeybridge
10%
23,668CumbriaEnglandWhitehaven
10%
37,058Tyne and WearEnglandWhitley Bay
10%
34,722EssexEnglandWickford
10%
34,250CambridgeshireEnglandWisbech
10%
30,290North LanarkshireScotlandWishaw
10%
30,310OxfordshireEnglandWitney
10%
43,173NottinghamshireEnglandWorksop
10%
30,831Mid GlamorganWalesAberdare
0%
39,348West MidlandsEnglandAldridge
0%
23,316DerbyshireEnglandAlfreton
0%
21,339BedfordshireEnglandAmpthill
0%
39,446NottinghamshireEnglandArnold
0%
72,176Greater ManchesterEnglandAtherton
0%
29,467County AntrimNorthern IrelandBallymena
0%
68,368LancashireEnglandBamber Bridge
0%
22,920West LothianScotlandBathgate
0%
28,120East DunbartonshireScotlandBearsden
0%
58,055MerseysideEnglandBebington
0%
31,222WarwickshireEnglandBedworth
0%
53,148NottinghamshireEnglandBeeston
0%
24,101DerbyshireEnglandBelper
0%
27,110South YorkshireEnglandBentley
0%
21,435HertfordshireEnglandBerkhamsted
0%
44,317East SussexEnglandBexhill-on-Sea
0%
34,894EssexEnglandBillericay
0%
32,381West MidlandsEnglandBilston
0%
22,895West YorkshireEnglandBingley
0%
23,540East DunbartonshireScotlandBishopbriggs
0%
40,089HertfordshireEnglandBishop's Stortford
0%
51,135West MidlandsEnglandBloxwich
0%
31,814West MidlandsEnglandBrierley Hill
0%
33,883West YorkshireEnglandBrighouse
0%
31,889West SussexEnglandBurgess Hill
0%
24,065SomersetEnglandBurnham-on-Sea
0%
28,610StaffordshireEnglandBurntwood
0%
26,641HertfordshireEnglandBushey
0%
41,905GwentWalesCaerphilly
0%
21,985CornwallEnglandCamborne
0%
29,100South LanarkshireScotlandCambuslang
0%
38,602EssexEnglandCanvey Island
0%
27,903County AntrimNorthern IrelandCarrickfergus
0%
35,902Greater ManchesterEnglandChadderton
0%
22,649South YorkshireEnglandChapeltown
0%
37,543County DurhamEnglandChester-le-Street
0%
38,557LancashireEnglandChorley
0%
23,147NottinghamshireEnglandClifton
0%
26,320West DunbartonshireScotlandClydebank
0%
24,630County LondonderryNorthern IrelandColeraine
0%
28,142ClwydWalesColwyn Bay
0%
25,637County DurhamEnglandCorsett
0%
23,283West MidlandsEnglandCoseley
0%
64,193County ArmaghNorthern IrelandCraigavon
0%
27,344NorthumberlandEnglandCramlington
0%
21,876East SussexEnglandCrowborough
0%
27,462LancashireEnglandDarwen
0%
31,639KentEnglandDeal
0%
36,100Greater ManchesterEnglandDenton
0%
27,078KentEnglandDitton
0%
23,880WorcestershireEnglandDroitwich Spa
0%
24,180Greater ManchesterEnglandDroylsden
0%
30,251West SussexEnglandEast Grinstead
0%
40,936Greater ManchesterEnglandEccles
0%
28,043SurreyEnglandEgham
0%
27,382WorcestershireEnglandEvesham
0%
27,855Greater ManchesterEnglandFarnworth
0%
26,983DorsetEnglandFerndown
0%
66,706GloucestershireEnglandFilton
0%
23,365MerseysideEnglandFormby
0%
35,364LancashireEnglandFulwood
0%
21,482Greater ManchesterEnglandGatley
0%
24,219Greater ManchesterEnglandGolborne
0%
24,726NorfolkEnglandGorleston-on-Sea
0%
31,167HertfordshireEnglandHarpenden
0%
26,357DerbyshireEnglandHeanor
0%
26,399HampshireEnglandHedge End
0%
40,450KentEnglandHerne Bay
0%
29,467MerseysideEnglandHeswall
0%
29,748Greater ManchesterEnglandHeywood
0%
24,700Greater ManchesterEnglandHindley
0%
43,823HertfordshireEnglandHoddesdon
0%
22,147West YorkshireEnglandHolmfirth
0%
48,851HampshireEnglandHorndean
0%
34,924NottinghamshireEnglandHucknall
0%
39,555DerbyshireEnglandIlkeston
0%
22,256North YorkshireEnglandIngleby Barwick
0%
53,252West YorkshireEnglandKeighley
0%
21,490WarwickshireEnglandKenilworth
0%
26,223StaffordshireEnglandKidsgrove
0%
50,888West MidlandsEnglandKingswinford
0%
21,380East DunbartonshireScotlandKirkintilloch
0%
32,994SurreyEnglandLeatherhead
0%
39,579LancashireEnglandLeyland
0%
37,858Tyne and WearEnglandLongbenton
0%
39,348DerbyshireEnglandLong Eaton
0%
25,736MerseysideEnglandMaghull
0%
21,669CambridgeshireEnglandMarch
0%
25,446LeicestershireEnglandMarket Harborough
0%
43,998Greater ManchesterEnglandMiddleton
0%
30,702LancashireEnglandNelson
0%
26,951DevonEnglandNewton Abbot
0%
25,859County DurhamEnglandNewton Aycliffe
0%
26,600East RenfrewshireScotlandNewton Mearns
0%
65,555County AntrimNorthern IrelandNewtownabbey
0%
28,039County DownNorthern IrelandNewtownards
0%
21,846West YorkshireEnglandNormanton
0%
29,716KentEnglandNorthfleet
0%
26,121LancashireEnglandOrmskirk
0%
21,871West YorkshireEnglandOssett
0%
29,388South GlamorganWalesPenarth
0%
26,930County DurhamEnglandPeterlee
0%
25,610DevonEnglandPlymstock
0%
28,868GwentWalesPontypool
0%
30,910Mid GlamorganWalesPontypridd
0%
26,286SomersetEnglandPortishead
0%
23,537HertfordshireEnglandPotters Bar
0%
38,321MerseysideEnglandPrescot
0%
33,899West YorkshireEnglandPudsey
0%
31,267Greater ManchesterEnglandRadcliffe
0%
24,155LancashireEnglandRawtenstall
0%
37,480North YorkshireEnglandRedcar
0%
23,391SurreyEnglandReigate
0%
22,570RenfrewshireScotlandRenfrew
0%
35,144Greater ManchesterEnglandRomiley
0%
35,325West MidlandsEnglandRowley Regis
0%
56,732WarwickshireEnglandRoyal Leamington Spa
0%
23,259Greater ManchesterEnglandRoyton
0%
31,190South LanarkshireScotlandRutherglen
0%
23,463East SussexEnglandSeaford
0%
31,313West MidlandsEnglandSedgley
0%
52,553KentEnglandSittingbourne
0%
52,841West MidlandsEnglandSmethwick
0%
21,794EssexEnglandSouth Ockenden
0%
21,700County DurhamEnglandStanley
0%
33,500JerseyJerseySt Helier
0%
21,312SuffolkEnglandStowmarket
0%
27,533Greater ManchesterEnglandStretford
0%
25,363HampshireEnglandStubbington
0%
48,738DerbyshireEnglandSwadlincote
0%
22,321KentEnglandSwanscombe
0%
25,554Greater ManchesterEnglandSwinton
0%
26,217BerkshireEnglandThatcham
0%
29,552HampshireEnglandTotton
0%
68,530Tyne and WearEnglandTynemouth
0%
42,279Greater ManchesterEnglandUrmston
0%
21,399Greater ManchesterEnglandWalkden
0%
67,044Tyne and WearEnglandWashington
0%
35,988South YorkshireEnglandWath-upon-Dearne
0%
24,116Greater ManchesterEnglandWesthoughton
0%
33,505KentEnglandWhitstable
0%
53,012West MidlandsEnglandWillenhall
0%
37,400CheshireEnglandWilmslow
0%
24,527SurreyEnglandWindlesham
0%
30,751CheshireEnglandWinsford
0%
26,633EssexEnglandWitham
0%
46,745BerkshireEnglandWokingham
0%
25,197South YorkshireEnglandWombwell
0%
37,484BerkshireEnglandWoodley
0%
30,626GloucestershireEnglandYate
0%

Score Distribution

Percentile by Number Answered

Percent of People with Each Score

Your Score History

You have not taken this quiz since the last reset